000 00635nam a2200241Ia 4500
003 OSt
005 20221007094850.0
006 a|||||r|||| 00| 0
007 ta
008 221006b |||||||| |||| 00| 0 eng d
024 _a225
037 _cTextual
040 _aLCO
_cLCO
_beng
041 _2eng
_aeng
082 _aZ2,7,26, N3; 1
100 _aJAIN J.D
_9686148
245 0 _aIndian Limitation act
260 _aAllahabad
_bAllahabad Law Agency
_c1993
300 _a189
650 _aLIMITATION ACT
_9681746
942 _hZ2,7,26, N3; 1
_cTEXL
999 _c1169788
_d1169788